| 000 | 00649nam a22001697a 4500 | ||
|---|---|---|---|
| 008 | 220302b xxu||||| |||| 00| 0 eng d | ||
| 020 | _a978-1-4166-2965-8 | ||
| 050 |
_aLB1032 _b.F47 2021 |
||
| 100 |
_aFisher, Douglas. _d1965- |
||
| 245 |
_aStudent learning communities: _ba springboard for academic social-emotional development/ _cDouglas Fisher, Nancy Frey, John Almarode. |
||
| 260 |
_aAlexandria, Virginia, USA.: _bASCD. _cc2021 |
||
| 300 |
_a144 pp. _c24 cm. _eIncludes bibliographical references and index. |
||
| 500 | _aStudent learning communities. | ||
| 500 | _aAcademic achievement. | ||
| 500 | _aAffective education. | ||
| 942 |
_2lcc _cBK |
||
| 999 |
_c364703 _d364703 |
||